Loading...
| Philosophy | 0 | 11 | 2 | 3 | 100 | 46 | 117.82 | 2 | 2 | 0.00 | 0.00 |
| Religion | 0 | 6 | 2 | 1 | 50 | 97 | 122.83 | 0 | 2 | 0.00 | 0.00 |
| Science - Biology | 0 | 5 | 0 | 1 | 50 | 79 | 101.00 | 0 | 0 | 0.00 | 0.00 |
| History - American | 0 | 5 | 0 | 0 | 50 | 22 | 104.60 | 1 | 1 | 0.00 | 0.00 |
| Mythology | 0 | 5 | 1 | 2 | 45 | 73 | 124.40 | 0 | 1 | 0.00 | 0.00 |
| Geography | 0 | 4 | 0 | 1 | 40 | 23 | 104.75 | 1 | 1 | 0.00 | 0.00 |
| Fine Arts - Painting & Sculpture | 0 | 3 | 0 | 0 | 30 | 124 | 142.67 | 0 | 0 | 0.00 | 0.00 |
| History - World | 0 | 3 | 2 | 2 | 20 | 101 | 128.67 | 0 | 1 | 0.00 | 0.00 |
| History - Other | 0 | 2 | 0 | 0 | 20 | 104 | 121.00 | 0 | 0 | 0.00 | 0.00 |
| Social Science | 0 | 3 | 2 | 0 | 20 | 97 | 108.67 | 0 | 1 | 0.00 | 0.00 |
| History - European | 0 | 2 | 1 | 0 | 15 | 63 | 88.50 | 0 | 1 | 0.00 | 0.00 |
| Literature - European | 0 | 1 | 0 | 0 | 10 | 100 | 100.00 | 0 | 0 | 0.00 | 0.00 |
| Fine Arts - Other | 0 | 1 | 0 | 0 | 10 | 149 | 149.00 | 0 | 0 | 0.00 | 0.00 |
| Science - Other | 0 | 2 | 2 | 1 | 10 | 111 | 123.00 | 0 | 0 | 0.00 | 0.00 |
| Current Events | 0 | 1 | 1 | 0 | 5 | 87 | 87.00 | 0 | 0 | 0.00 | 0.00 |
| Other Academic | 0 | 1 | 1 | 0 | 5 | 120 | 120.00 | 0 | 0 | 0.00 | 0.00 |